|
|
|
|
| LEADER |
02563nam a2200613 i 4500 |
| 001 |
nkc20223456536 |
| 003 |
CZ PrNK |
| 005 |
20221024062529.0 |
| 007 |
ta |
| 008 |
220922s2022 xr a f m 000 0 eng |
| 015 |
|
|
|a cnb003456536
|
| 020 |
|
|
|a 978-80-214-6079-9
|q (brožováno)
|
| 035 |
|
|
|a (OCoLC)1350559497
|
| 040 |
|
|
|a ABA001
|b cze
|e rda
|
| 041 |
0 |
|
|a eng
|b cze
|b eng
|
| 072 |
|
7 |
|a 620.1/.2
|x Nauka o materiálu
|2 Konspekt
|9 19
|
| 080 |
|
|
|a 621.38:57
|2 MRF
|
| 080 |
|
|
|a 620.2-035
|2 MRF
|
| 080 |
|
|
|a 612.06-021.29
|2 MRF
|
| 080 |
|
|
|a 544.773.432
|2 MRF
|
| 080 |
|
|
|a (043.3)
|2 MRF
|
| 080 |
|
|
|a (048.3)
|2 MRF
|
| 100 |
1 |
|
|a Tumová, Šárka,
|d 1993-
|7 jo20221163806
|4 dis
|
| 245 |
1 |
0 |
|a Novel materials for bioelectronic devices and sensors =
|b Nové organické materiály pro aplikace v bioelektronice : summary of doctoral thesis /
|c autor práce Šárka Tumová
|
| 246 |
3 |
1 |
|a Nové organické materiály pro aplikace v bioelektronice
|
| 264 |
|
1 |
|a Brno :
|b Vysoké učení technické v Brně,
|c 2022
|
| 300 |
|
|
|a 31 stran :
|b ilustrace ;
|c 21 cm
|
| 336 |
|
|
|a text
|b txt
|2 rdacontent
|
| 337 |
|
|
|a bez média
|b n
|2 rdamedia
|
| 338 |
|
|
|a svazek
|b nc
|2 rdacarrier
|
| 490 |
1 |
|
|a Vědecké spisy Vysokého učení technického v Brně. PhD Thesis,
|x 1213-4198 ;
|v sv. 916
|
| 500 |
|
|
|a Zkrácená verze disertace (Ph.D.)--Vysoké učení technické v Brně, Fakulta chemická, Ústav fyzikální a spotřební chemie, 2022
|
| 504 |
|
|
|a Obsahuje bibliografii a bibliografické odkazy
|
| 546 |
|
|
|a České a anglické resumé
|
| 650 |
0 |
7 |
|a bioelektronika
|7 ph323368
|2 czenas
|
| 650 |
0 |
7 |
|a biologické materiály
|7 ph114163
|2 czenas
|
| 650 |
0 |
7 |
|a biokompatibilita
|7 ph388512
|2 czenas
|
| 650 |
0 |
7 |
|a hydrogely
|7 ph515785
|2 czenas
|
| 650 |
0 |
9 |
|a bioelectronics
|2 eczenas
|
| 650 |
0 |
9 |
|a biological materials
|2 eczenas
|
| 650 |
0 |
9 |
|a biocompatibility
|2 eczenas
|
| 650 |
0 |
9 |
|a hydrogels
|2 eczenas
|
| 655 |
|
7 |
|a disertace
|7 fd132024
|2 czenas
|
| 655 |
|
7 |
|a teze
|7 fd133701
|2 czenas
|
| 655 |
|
9 |
|a dissertations
|2 eczenas
|
| 655 |
|
9 |
|a abstracts
|2 eczenas
|
| 710 |
2 |
|
|a Vysoké učení technické v Brně.
|b Ústav fyzikální a spotřební chemie
|7 kn20030320005
|4 isb
|
| 810 |
2 |
|
|a Vysoké učení technické v Brně.
|t Vědecké spisy.
|p PhD Thesis
|0 s
|
| 910 |
2 |
|
|a BOA001
|b 2-1495.358
|
| 990 |
|
|
|a BK
|
| 995 |
|
|
|a 01
|
| 991 |
|
|
|b 202210
|c NOV
|
| 996 |
6 |
|
|b 2610917769
|c 2-1495.358
|l MZK
|r Sklad / do 1 hodiny
|n 0
|p p.v.
|w 001902938
|u 000010
|a 1
|e BOA001
|j MZK50
|s P
|
| 996 |
7 |
|
|b 2610917770
|c 2-1495.358
|l MZK
|r Sklad / do 1 hodiny
|n 0
|p p.v.
|w 001902938
|u 000020
|a 1
|e BOA001
|j MZK50
|s A
|